000 00632nam a2200217 a 4500
005 20200104041513.0
008 140221b1996 -Us||||| |||| 00| 0 eng d
020 _a00936812
041 _aeng
044 _axxu
090 _aLB
_b00632
100 _aRatcliffe, Brett C.
_98578
245 _aCarrion beetles (Coleoptera
_bsilphidae) of Nebraska
260 _aNebraska
_bUniversity of Nebraska State Museum
_c1996
300 _a100 p.
650 _aDescripción de la especie
_97419
650 _aClaves taxonómicas
_93514
650 _aColeoptera
_974
662 _aEstados Unidos de Norteamérica
_bNebraska
942 _cImpreso
_2z
999 _c648
_d648